LIBRARY ONLINE CATALOGUE

Shell guide to East African birds. (Record no. 12922)

MARC details
000 -LEADER
fixed length control field 00491cam a22001812 4500
001 - CONTROL NUMBER
control field 0000004767
005 - DATE AND TIME OF LATEST TRANSACTION
control field 20151217155825.0
008 - FIXED-LENGTH DATA ELEMENTS--GENERAL INFORMATION
fixed length control field 070529s xx 000 0 eng d
040 ## - CATALOGING SOURCE
Original cataloging agency KABU
Transcribing agency KABU
050 #0 - LIBRARY OF CONGRESS CALL NUMBER
Classification number QL692
Item number .A353S54
245 10 - TITLE STATEMENT
Title Shell guide to East African birds.
260 ## - PUBLICATION, DISTRIBUTION, ETC. (IMPRINT)
Place of publication, distribution, etc. Nairobi :
Name of publisher, distributor, etc. Shell,
Date of publication, distribution, etc. [19?]
300 ## - PHYSICAL DESCRIPTION
Extent [24] p.
650 #0 - SUBJECT ADDED ENTRY--TOPICAL TERM
Topical term or geographic name as entry element Birds
Geographic subdivision Africa, East.
-- 0000155560
908 ## - PUT COMMAND PARAMETER (RLIN)
Put command parameter 070529
950 ## - LOCAL HOLDINGS (RLIN)
-- 1
Holdings
Withdrawn status Lost status Source of classification or shelving scheme Not for loan Home library Current library Date acquired Total Checkouts Full call number Barcode Date last seen Price effective from Koha item type
    Library of Congress Classification   Kabarak, Main Campus Kabarak, Main Campus 17/12/2015   QL692 .A353S54 003951 17/12/2015 17/12/2015 Africana Collection